<?xml version="1.0" encoding="UTF-8"?>
<marc:record xmlns:marc="http://www.loc.gov/MARC21/slim">
   <marc:leader>00000nam a2200000 a 4500</marc:leader>
   <marc:datafield ind1=" " ind2=" " tag="653">
      <marc:subfield code="a">Softcover</marc:subfield>
   </marc:datafield>
   <marc:datafield ind1=" " ind2=" " tag="653">
      <marc:subfield code="a">Karte</marc:subfield>
   </marc:datafield>
   <marc:datafield ind1="0" ind2="0" tag="245">
      <marc:subfield code="a">Traumzeit</marc:subfield>
   </marc:datafield>
   <marc:datafield ind1="0" ind2="0" tag="245">
      <marc:subfield code="c">David Lindner</marc:subfield>
   </marc:datafield>
   <marc:datafield ind1=" " ind2="1" tag="264">
      <marc:subfield code="a">Schönau im Odenwald</marc:subfield>
      <marc:subfield code="b">Lindner</marc:subfield>
      <marc:subfield code="c">2004</marc:subfield>
   </marc:datafield>
   <marc:datafield ind1=" " ind2=" " tag="250">
      <marc:subfield code="a">4. Aufl.</marc:subfield>
   </marc:datafield>
   <marc:datafield ind1="1" ind2=" " tag="520">
      <marc:subfield code="a">Der internationale Bestseller über das australische Kultinstrument und sein Weg in den Westen. Das umfassendste Lehr- und Infobuch über das Didgeridoo jetzt in einer limitierten Sammleredition. Komplett überarbeitet und auf über 240 Seiten in Farbe und mit festem Einband. Aus dem Inhalt: Lerne Didgeridoo spielen ohne Noten. Grundton, Zirkularatmung, Sounds. Spieltechniken für fortgeschrittene und weit fortgeschrittene Spieler. Das Didgeridoo: Das umfassendste Buchkapitel weltweit mit vielen Hintergrundinfos zum Windhorn und seinem Weg in den Westen. Die Hüter des Didgeridoo: Über die Geschichte und Kultur der Ureinwohner Australiens.</marc:subfield>
   </marc:datafield>
   <marc:datafield ind1=" " ind2=" " tag="020">
      <marc:subfield code="a">9783933825018</marc:subfield>
      <marc:subfield code="9">9783933825018</marc:subfield>
   </marc:datafield>
   <marc:datafield ind1=" " ind2=" " tag="041">
      <marc:subfield code="a">ger</marc:subfield>
   </marc:datafield>
   <marc:datafield ind1=" " ind2=" " tag="300">
      <marc:subfield code="a">242 S.</marc:subfield>
   </marc:datafield>
</marc:record>
